Small-scale sugar cane production in the border of svay rieng province ផលិតកម្មអំពៅជាលក្ខណៈគ្រួសារនៅតំបន់ទល់ដែល ខេត្តសា្វយរៀង (Record no. 449)

000 -LEADER
fixed length control field 00586nam a22001577a 4500
003 - CONTROL NUMBER IDENTIFIER
control field OSt
005 - DATE AND TIME OF LATEST TRANSACTION
control field 20150914155326.0
008 - FIXED-LENGTH DATA ELEMENTS--GENERAL INFORMATION
fixed length control field 150914b xxu||||| |||| 00| 0 eng d
040 ## - CATALOGING SOURCE
Transcribing agency RUA
082 ## - DEWEY DECIMAL CLASSIFICATION NUMBER
Classification number AGR NGY 2000 B026 Or.1
100 ## - MAIN ENTRY--PERSONAL NAME
9 (RLIN) 472
Personal name NGY SOCHEAT
245 ## - TITLE STATEMENT
Title Small-scale sugar cane production in the border of svay rieng province ផលិតកម្មអំពៅជាលក្ខណៈគ្រួសារនៅតំបន់ទល់ដែល ខេត្តសា្វយរៀង
260 ## - PUBLICATION, DISTRIBUTION, ETC. (IMPRINT)
Place of publication, distribution, etc. Phnom Penh
Name of publisher, distributor, etc. RUA
Date of publication, distribution, etc. 2000
300 ## - PHYSICAL DESCRIPTION
Extent 47p.
Other physical details ill.
Dimensions 29cm.
942 ## - ADDED ENTRY ELEMENTS (KOHA)
Source of classification or shelving scheme
Koha item type AGR
Holdings
Price effective from Date last seen Permanent Location Not for loan Date acquired Date last checked out Source of classification or shelving scheme Koha item type Total Checkouts Barcode Lost status Damaged status Withdrawn status Current Location Full call number
2015-09-142018-04-27Library Block B 2015-09-142018-03-27 AGR1RUA001662   Library Block BAGR NGY 2000 B026 Or.1
មជ្ឈមណ្ឌលឯការនៃសាកលវិទ្យាល័យភូមិន្ទកសិកម្មចំការដូង

Powered by Koha